000 00407pab a2200145 454500
008 180718b2000 xxu||||| |||| 00| 0 eng d
100 _aGomez-Fernandez, Francisca
245 _aContribution of geographical information systems to the management of volcanic crises
260 _c2000
300 _ap.347-60
362 _aMay
650 _aVolcanic eruptions
773 _aNatural Hazards
909 _a46541
999 _c46541
_d46541